<?xml version="1.0" encoding="UTF-8"?>
<marc:record xmlns:marc="http://www.loc.gov/MARC21/slim">
   <marc:leader>00000nam a2200000 a 4500</marc:leader>
   <marc:datafield ind1="1" ind2=" " tag="100">
      <marc:subfield code="a">Baldacci, David</marc:subfield>
      <marc:subfield code="4">aut</marc:subfield>
      <marc:subfield code="e">Verfasser/-in</marc:subfield>
   </marc:datafield>
   <marc:datafield ind1="0" ind2="0" tag="245">
      <marc:subfield code="a">Doppelspiel</marc:subfield>
   </marc:datafield>
   <marc:datafield ind1="0" ind2="0" tag="245">
      <marc:subfield code="b">Thriller</marc:subfield>
   </marc:datafield>
   <marc:datafield ind1="0" ind2="0" tag="245">
      <marc:subfield code="c">David Baldacci. Aus dem Amerikan. von Rainer Schumacher</marc:subfield>
   </marc:datafield>
   <marc:datafield ind1=" " ind2="1" tag="264">
      <marc:subfield code="a">Köln</marc:subfield>
      <marc:subfield code="b">Bastei Lübbe</marc:subfield>
      <marc:subfield code="c">2013</marc:subfield>
   </marc:datafield>
   <marc:datafield ind1=" " ind2=" " tag="250">
      <marc:subfield code="a">Dt. Erstveröff., dt. Erstausg., vollst. Taschenbuchausg., 1. Aufl.</marc:subfield>
   </marc:datafield>
   <marc:datafield ind1="1" ind2=" " tag="520">
      <marc:subfield code="a">Angaben aus der Verlagsmeldung

Das Komplott : Thriller Deliver us from Evil / von David Baldacci

Evan Waller ist ein Monster. Dank seiner Bereitschaft, alles und jeden zu verkaufen, hat er ein gewaltiges Vermögen angehäuft. Nun baut er ein neues Geschäft auf - ein Geschäft, das zu Millionen von Toten führen wird. Aber Shaw, der
mysteriöse Agent aus Die Kampagne, ist ihm auf den Fersen. Er hat Waller bis in die Provence verfolgt und muss verhindern, dass der letzte Deal unter Dach und Fach gebracht wird. Dann kommt ihm jedoch eine unbekannte Agentin in die Quere.
Auf ihrer Jagd nach Waller entbrennt ein tödliches Duell zwischen ihnen.
</marc:subfield>
   </marc:datafield>
   <marc:datafield ind1=" " ind2=" " tag="020">
      <marc:subfield code="a">9783404168422</marc:subfield>
      <marc:subfield code="9">9783404168422</marc:subfield>
   </marc:datafield>
   <marc:datafield ind1=" " ind2=" " tag="020">
      <marc:subfield code="a">3404168429</marc:subfield>
      <marc:subfield code="9">3404168429</marc:subfield>
   </marc:datafield>
   <marc:datafield ind1=" " ind2=" " tag="300">
      <marc:subfield code="a">526 S.</marc:subfield>
   </marc:datafield>
</marc:record>
